000 00282nam a2200121Ia 4500
005 20250423095622.0
008 250422s9999 xx 000 0 und d
020 _a0-8240-4430-4
245 0 _aHistoric US Court Cases 1960-1990
260 _bGarland
260 _c1992
942 _cBK
999 _c30822
_d30822